UBT Library

Teaching children music : (Record no. 45104)

000 -LEADER
fixed length control field 00613cam a2200217 a 4500
001 - CONTROL NUMBER
control field 2912955
005 - DATE AND TIME OF LATEST TRANSACTION
control field 20180315054316.0
008 - FIXED-LENGTH DATA ELEMENTS--GENERAL INFORMATION
fixed length control field 900830s1989 iauafg b 001 0 eng
010 ## - LIBRARY OF CONGRESS CONTROL NUMBER
LC control number 88070487
020 ## - INTERNATIONAL STANDARD BOOK NUMBER
International Standard Book Number 0697036448
040 ## - CATALOGING SOURCE
Original cataloging agency DLC
Transcribing agency DLC
041 ## - LANGUAGE CODE
Language code of text/sound track or separate title eng
080 ## - UNIVERSAL DECIMAL CLASSIFICATION NUMBER
Universal Decimal Classification number 372.87044 NEW
082 00 - DEWEY DECIMAL CLASSIFICATION NUMBER
Classification number 372.87044 NEW
Edition number 20
100 1# - Rafti
Rafti 45
101 ## - Shkurtesa
Shkurtesa MUZ
245 10 - TITLE STATEMENT
Title Teaching children music :
Statement of responsibility, etc Grant Newman.
504 ## - BIBLIOGRAPHY, ETC. NOTE
Bibliography, etc Includes bibliographical references (p. 368-371) and indexes.
906 ## - LOCAL DATA ELEMENT F, LDF (RLIN)
a 7
b cbc
c orignew
d 2
e opcn
f 19
g y-gencatlg
942 ## - ADDED ENTRY ELEMENTS (KOHA)
Source of classification or shelving scheme
Item type Books
Holdings
Withdrawn status Lost status Source of classification or shelving scheme Damaged status Not for loan Permanent location Current location Date acquired Total Checkouts Full call number Barcode Date last seen Price effective from Koha item type
          UBT - Lipjan UBT - Lipjan 03/15/2018   372.87044 NEW 002-3001880 03/15/2018 03/15/2018 Books
UBT Library © 2015-2024. All rights reserved University Education for Business and Technology